000
00338nam a22001577a 4500
005
20160629135417.0
008
160629b xxu||||| |||| 00| 0 eng d
041
_a
eng
082
_b
11041
100
_a
Pream chand
_9
3195
245
_a
Panch Bhool
260
_b
Sanjay Books
300
_a
79
650
_a
Management
_9
241
942
_c
BK
999
_c
4693
_d
4691